4Liberty.eu Review
Saved in:
| Format: | Serial |
|---|---|
| Language: | English |
| Published: |
Lodz
Fundacija Liberté!
2019
|
| Subjects: | |
| Tags: |
No Tags, Be the first to tag this record!
|
MARC
| LEADER | 00000nas2a2200000 4500 | ||
|---|---|---|---|
| 001 | 0298565 | ||
| 005 | 20250122110824.8 | ||
| 022 | |a 2391-7083 | ||
| 041 | 0 | |a eng | |
| 044 | |a PL | ||
| 245 | 1 | 0 | |a 4Liberty.eu Review |
| 264 | 1 | |a Lodz |b Fundacija Liberté! |c 2019 | |
| 500 | |a č. 11 vyšlo online | ||
| 773 | 0 | |w eu_un_cat*0231179 | |
| 610 | 2 | 0 | |a politika hospodárska |
| 610 | 2 | 0 | |a politika hospodárska medzinárodná |
| 610 | 2 | 0 | |a SVE |
| 610 | 2 | 0 | |a spolupráca medzinárodná |
| 610 | 2 | 0 | |a vzťahy hospodárske medzinárodné |